[Event "29th Czech Open A 2018"]
[Site "Pardubice CZE"]
[Date "2018.07.23"]
[Round "4.13"]
[White "Matviishen, Viktor"]
[Black "Praggnanandhaa, R"]
[Result "1/2-1/2"]
[WhiteTitle "IM"]
[BlackTitle "IM"]
[WhiteElo "2423"]
[BlackElo "2529"]
[WhiteFideId "14129850"]
[BlackFideId "25059530"]
[EventDate "2018.07.20"]

1. d4 Nf6 2. c4 e6 3. Nf3 d5 4. g3 g6 5. Bg2 Bg7 6. O-O O-O 7. Nc3 Nbd7 8. Qb3
c6 9. Rd1 Qe7 10. a4 b6 11. Qa2 Bb7 12. b3 c5 13. Ba3 Ne4 14. Nxe4 dxe4 15. Ne1
Rfd8 16. e3 a5 17. Rd2 Qg5 18. Rad1 cxd4 19. exd4 e3 20. Bxb7 exd2 21. Nf3 Qg4
22. Bxa8 Rxa8 23. Kg2 Bh6 24. Qc2 Nf6 25. h3 Qe4 26. Qxe4 Nxe4 27. Bb2 Rd8 28.
Ne5 Bg7 29. Nf3 Bh6 30. Nh2 Bg7 31. Nf3 Bh6 1/2-1/2

[Event "29th Czech Open A 2018"]
[Site "Pardubice CZE"]
[Date "2018.07.23"]
[Round "4.14"]
[White "Shyam, Sundar M."]
[Black "Erenberg, Ariel"]
[Result "1/2-1/2"]
[WhiteTitle "GM"]
[BlackTitle "IM"]
[WhiteElo "2527"]
[BlackElo "2413"]
[WhiteFideId "5019141"]
[BlackFideId "2811634"]
[EventDate "2018.07.20"]

1. e4 e5 2. Nf3 Nc6 3. Bb5 a6 4. Ba4 Nf6 5. O-O Be7 6. d3 b5 7. Bb3 O-O 8. Nc3
d6 9. a3 Na5 10. Ba2 Be6 11. b4 Bxa2 12. Rxa2 Nc6 13. Bg5 Qd7 14. Bxf6 Bxf6 15.
Nd5 a5 16. c4 axb4 17. cxb5 Na7 18. b6 Nb5 19. bxc7 Nc3 20. Nxc3 bxc3 21. Qa1
Rfc8 22. Rc1 Rxc7 23. Rxc3 Rca7 24. h3 h5 25. Nd2 d5 26. Qd1 h4 27. Qc2 Be7 28.
exd5 Bb4 29. Rc4 Bxd2 30. Qxd2 Qxd5 31. a4 Rd8 32. Rxh4 Qxd3 33. Qxd3 Rxd3 34.
a5 Ra6 35. Rb2 g6 36. Ra4 Rd5 37. Rba2 f5 38. g4 fxg4 39. hxg4 Kf7 40. Kg2 Kf6
41. Kg3 Kg5 42. f3 Rc5 43. Ra1 Rd5 44. Kf2 Rc5 45. Ke3 Rd5 46. Ke4 Rc5 47. Rb1
Rcxa5 48. Rxa5 Rxa5 49. Rb6 Rc5 50. Re6 Rc1 51. Rxe5+ Kf6 52. g5+ Kf7 53. Ra5
Re1+ 54. Kd5 Rd1+ 55. Ke5 Re1+ 56. Kd6 Re3 57. f4 Re4 58. f5 gxf5 59. Rxf5+ Kg6
60. Re5 Rxe5 61. Kxe5 Kxg5 1/2-1/2

[Event "29th Czech Open A 2018"]
[Site "Pardubice CZE"]
[Date "2018.07.23"]
[Round "4.15"]
[White "Plischki, Sebastian"]
[Black "Christiansen, Johan-Sebastian"]
[Result "1/2-1/2"]
[WhiteTitle "IM"]
[BlackTitle "IM"]
[WhiteElo "2413"]
[BlackElo "2506"]
[WhiteFideId "4637143"]
[BlackFideId "1512668"]
[EventDate "2018.07.20"]

1. d4 Nf6 2. Nf3 d5 3. Bf4 c5 4. e3 Nc6 5. Nbd2 e6 6. c3 cxd4 7. exd4 Nh5 8. Be3
Bd6 9. g3 O-O 10. Bd3 Nf6 11. O-O h6 12. Nb3 Re8 13. Re1 Qc7 14. Rc1 Bd7 15. Rc2
Ng4 16. Rce2 e5 17. dxe5 Ngxe5 18. Nxe5 Nxe5 19. Rd2 Bg4 20. Be2 Bxe2 21. Qxe2
Qc4 22. Kg2 Qa4 23. Nd4 Qxa2 24. b3 Qa5 25. Nb5 Bf8 26. Rxd5 a6 27. b4 Qa4 28.
Nd4 Rac8 29. Bd2 Nc4 30. Qd3 Qa2 31. Rxe8 Rxe8 32. Nf3 b5 33. Rd7 Nxd2 34. Nxd2
Qe6 35. Qd5 Qxd5+ 1/2-1/2

[Event "29th Czech Open A 2018"]
[Site "Pardubice CZE"]
[Date "2018.07.23"]
[Round "4.16"]
[White "Kislinsky, Alexey"]
[Black "Fenil, Shah"]
[Result "1/2-1/2"]
[WhiteTitle "GM"]
[BlackTitle "IM"]
[WhiteElo "2502"]
[BlackElo "2411"]
[WhiteFideId "14108801"]
[BlackFideId "5019850"]
[EventDate "2018.07.20"]

1. e4 c5 2. Nf3 e6 3. c3 d5 4. exd5 Qxd5 5. d4 Nf6 6. Be2 Nc6 7. O-O Be7 8. a3
cxd4 9. cxd4 O-O 10. Nc3 Qd6 11. Nb5 Qd8 12. Bf4 Nd5 13. Bg3 a6 14. Nc3 Nxc3 15.
bxc3 b5 16. Qb1 Bb7 17. Rd1 Na5 18. a4 bxa4 19. Rxa4 Bc6 20. Ra1 Bd5 21. Ne5 Rc8
22. Qd3 f6 1/2-1/2

[Event "29th Czech Open A 2018"]
[Site "Pardubice CZE"]
[Date "2018.07.23"]
[Round "4.17"]
[White "Yankelevich, Lev"]
[Black "Schlosser, Philipp"]
[Result "1/2-1/2"]
[WhiteTitle "IM"]
[BlackTitle "GM"]
[WhiteElo "2411"]
[BlackElo "2501"]
[WhiteFideId "24684074"]
[BlackFideId "4600169"]
[EventDate "2018.07.20"]

1. d4 Nf6 2. c4 e6 3. g3 Bb4+ 4. Nd2 d5 5. Bg2 O-O 6. Nf3 dxc4 7. a3 Bxd2+ 8.
Bxd2 Nc6 9. e3 Rb8 10. O-O b5 11. b3 Ba6 12. Qc2 Rb6 13. bxc4 bxc4 14. Rfc1 h6
15. Bc3 Nd5 16. Nd2 e5 17. Bxd5 exd4 18. Bxc4 1/2-1/2

[Event "29th Czech Open A 2018"]
[Site "Pardubice CZE"]
[Date "2018.07.23"]
[Round "4.18"]
[White "Sadhwani, Raunak"]
[Black "Simacek, Pavel"]
[Result "1/2-1/2"]
[WhiteTitle "FM"]
[BlackTitle "GM"]
[WhiteElo "2409"]
[BlackElo "2490"]
[WhiteFideId "35093487"]
[BlackFideId "307165"]
[EventDate "2018.07.20"]

1. e4 e5 2. Nf3 Nc6 3. Bb5 a6 4. Ba4 Nf6 5. O-O Nxe4 6. d4 b5 7. Bb3 d5 8. dxe5
Be6 9. c3 Bc5 10. Qd3 O-O 11. Nbd2 f5 12. exf6 Nxf6 13. a4 Bf7 14. Ng5 Ne5 15.
Qg3 Bd6 16. f4 Bc5+ 17. Kh1 Neg4 18. Ndf3 h6 19. Nxf7 Rxf7 20. Bc2 Qe7 21. Bd3
bxa4 22. h3 Ne3 23. Bxe3 Qxe3 24. Bg6 Qe7 25. Bxf7+ Qxf7 26. Ne5 Qe8 27. Qd3 Qb5
28. Qg6 Rf8 29. Ng4 Ne4 30. Kh2 Kh8 31. Ne5 Rf6 32. c4 Qb3 33. Qg4 Bf2 34. Ra3
Qxb2 35. Rf3 dxc4 36. Qc8+ Kh7 37. Ng4 Bb6 38. Nxf6+ Qxf6 39. Qd7 Qg6 40. f5
Qd6+ 41. Qxd6 cxd6 42. Ra3 d5 1/2-1/2

[Event "29th Czech Open A 2018"]
[Site "Pardubice CZE"]
[Date "2018.07.23"]
[Round "4.20"]
[White "Manik, Mikulas"]
[Black "Neverov, Valeriy"]
[Result "1/2-1/2"]
[WhiteTitle "GM"]
[BlackTitle "GM"]
[WhiteElo "2400"]
[BlackElo "2473"]
[WhiteFideId "14900734"]
[BlackFideId "14100150"]
[EventDate "2018.07.20"]

1. e4 c5 2. Nf3 d6 3. d4 cxd4 4. Nxd4 Nf6 5. Nc3 Nc6 6. Bg5 e6 7. Qd2 a6 8.
O-O-O Bd7 9. f3 b5 10. Kb1 Be7 11. h4 Nxd4 12. Qxd4 Qc7 13. h5 h6 14. Be3 Rb8
15. g4 b4 16. Ne2 e5 17. Qa7 1/2-1/2

[Event "29th Czech Open A 2018"]
[Site "Pardubice CZE"]
[Date "2018.07.23"]
[Round "4.21"]
[White "Haring, Viktor"]
[Black "Harsha, Bharathakoti"]
[Result "0-1"]
[WhiteTitle "FM"]
[BlackTitle "IM"]
[WhiteElo "2289"]
[BlackElo "2465"]
[WhiteFideId "14919400"]
[BlackFideId "5078776"]
[EventDate "2018.07.20"]

1. e4 e6 2. d4 d5 3. Nd2 c5 4. exd5 Qxd5 5. Ngf3 cxd4 6. Bc4 Qd6 7. O-O Nf6 8.
Nb3 Nc6 9. Nbxd4 Nxd4 10. Nxd4 a6 11. Re1 Qc7 12. Bd3 Bd7 13. Bg5 Bd6 14. Nf5
Bxh2+ 15. Kh1 Kf8 16. Qd2 Nd5 17. Nxg7 Bf4 18. Bh6 Kg8 19. Qxf4 Qxf4 20. Bxf4
Nxf4 21. Re4 Nxd3 22. Rd4 Kxg7 0-1

[Event "29th Czech Open A 2018"]
[Site "Pardubice CZE"]
[Date "2018.07.23"]
[Round "4.22"]
[White "Henderson de La Fuente, Lance"]
[Black "Yagupov, Igor"]
[Result "1/2-1/2"]
[WhiteTitle "IM"]
[BlackTitle "GM"]
[WhiteElo "2463"]
[BlackElo "2349"]
[WhiteFideId "32096585"]
[BlackFideId "4113632"]
[EventDate "2018.07.20"]

1. e4 c5 2. Nf3 e6 3. d4 cxd4 4. Nxd4 Nf6 5. Nc3 Nc6 6. Nxc6 bxc6 7. e5 Nd5 8.
Ne4 Bb7 9. Be2 c5 10. O-O Qc7 11. Nd6+ Bxd6 12. exd6 Qc6 13. f3 c4 14. Qd4 O-O
15. Bxc4 Rfc8 16. b3 Qxd6 17. Bb2 Qb6 18. Rf2 Qxd4 19. Bxd4 Nb4 20. c3 Nc6 21.
Be3 d5 22. Bf1 a5 23. c4 dxc4 24. Bxc4 Ne5 25. Bf1 Ba6 26. Rd1 Bxf1 27. Kxf1 f6
28. Bf4 Ng6 29. Bd6 Ra7 30. Rfd2 Kf7 31. Ke2 e5 32. g3 h5 33. a3 Rc3 34. Rd3
Rc2+ 35. R3d2 Rc3 36. Rd3 Rc2+ 37. R1d2 Rc1 38. Rb2 Rh1 39. Ke3 h4 40. b4 axb4
41. axb4 Raa1 42. Rdd2 Ra3+ 43. Rd3 Re1+ 44. Re2 Rxd3+ 45. Kxd3 Rf1 46. b5 hxg3
47. hxg3 Ke6 48. Rd2 Rxf3+ 49. Kc2 Kd7 50. Bxe5+ Kc8 51. Bd6 Kb7 52. Bf4 Nxf4
53. gxf4 Rxf4 54. Rd7+ Kb6 55. Rxg7 Kxb5 56. Kd3 1/2-1/2

[Event "29th Czech Open A 2018"]
[Site "Pardubice CZE"]
[Date "2018.07.23"]
[Round "4.23"]
[White "Gurbanov, Andrei"]
[Black "Swayams, Mishra"]
[Result "1/2-1/2"]
[WhiteTitle "IM"]
[BlackTitle "IM"]
[WhiteElo "2305"]
[BlackElo "2463"]
[WhiteFideId "13503391"]
[BlackFideId "5028183"]
[EventDate "2018.07.20"]

1. d4 Nf6 2. c4 e6 3. Nf3 d5 4. Nc3 Bb4 5. cxd5 exd5 6. Bg5 h6 7. Bxf6 Qxf6 8.
Qb3 c5 9. dxc5 Nc6 10. e3 Be6 11. Bb5 Bxc5 12. O-O Rd8 13. Na4 Bd6 14. Nd4 O-O
15. Bxc6 bxc6 16. Rac1 Rb8 17. Qd3 Bd7 18. b3 Ba3 19. Rc2 Qd6 20. Qa6 Rfc8 21.
Rd1 Rc7 22. Kh1 Bg4 23. Rg1 Bc8 24. Qe2 Bd7 25. Nc3 Rcc8 26. Qa6 Bc5 27. Rgc1
Bb6 28. Ncb5 Qf6 29. Nxa7 Bxd4 30. exd4 Rc7 31. Qa5 Qf4 32. Nxc6 Bxc6 33. h3
Rcc8 34. Rxc6 Rxc6 35. Rxc6 Qxf2 36. Qxd5 Qf1+ 37. Kh2 Qf4+ 38. g3 Qd2+ 39. Qg2
Qxd4 40. Qc2 Qd7 41. Rc7 Qe6 42. Qf2 h5 43. h4 Qd5 44. Rc5 Qd1 45. Qc2 Qg4 46.
Rg5 Qf3 47. Qg2 Qd1 48. Rd5 Qg4 49. Qd2 Rb6 50. Rg5 Qc8 51. Rd5 Qg4 52. Qd1 Rc6
53. a4 Qg6 54. Qxh5 Rc2+ 55. Kh3 Qb6 56. Qe5 Rc8 57. Rd3 Qf2 58. Qe3 Qf1+ 59.
Kh2 g6 60. Qd2 Kh7 61. Re3 Rc1 62. Qg2 Qd1 63. Rf3 Kg8 64. Rf2 Qxb3 65. Ra2 Rc3
66. Qb2 Rxg3 67. Qxb3 Rxb3 68. a5 Rb7 69. a6 Ra7 70. Kg3 f6 71. Kf3 Kf7 72. Ke4
Ke6 73. Kd4 Kd6 74. Kc4 Kc6 75. Ra1 Kb6 76. Kd5 Rxa6 1/2-1/2

[Event "29th Czech Open A 2018"]
[Site "Pardubice CZE"]
[Date "2018.07.23"]
[Round "4.24"]
[White "Nasanjargal, Urtnasan"]
[Black "Rahul, Srivatshav P"]
[Result "1/2-1/2"]
[WhiteTitle "FM"]
[BlackTitle "IM"]
[WhiteElo "2454"]
[BlackElo "2397"]
[WhiteFideId "4900774"]
[BlackFideId "25059653"]
[EventDate "2018.07.20"]

1. Nf3 Nf6 2. b3 g6 3. Bb2 Bg7 4. g3 O-O 5. Bg2 d6 6. d4 e5 7. dxe5 Ng4 8. Qd2
Nd7 9. c4 Ndxe5 10. O-O Nxf3+ 11. Bxf3 Ne5 12. Bg2 c6 13. Nc3 Be6 14. Rfd1 Qb6
15. Na4 Qa6 16. c5 b5 17. Qxd6 bxa4 18. Bxe5 Rad8 19. Qxd8 Bxe5 20. Qd3 Qxd3 21.
exd3 Bxa1 22. Rxa1 Rd8 23. Bxc6 axb3 24. axb3 Bxb3 25. Bb5 Rb8 26. Bd7 Rb7 27.
Rb1 Rxd7 28. Rxb3 Kf8 29. Kf1 Ke7 30. Ke2 Ke6 31. Ke3 Kd5 32. d4 Kc4 33. Rd3
Re7+ 34. Kd2 a5 35. Re3 Rd7 36. Rc3+ Kd5 37. Ra3 Kc4 38. Rc3+ Kd5 39. Kd3 a4 40.
Rc4 Ra7 41. c6 Kd6 42. c7 Rxc7 43. Rxa4 h5 44. Ra6+ Kd5 45. h4 Rb7 46. Ra5+ Kd6
47. Ke4 Rb2 48. Ra6+ Ke7 49. Ke3 Rb3+ 50. Kf4 Rb2 51. Ra7+ Kf6 52. f3 Rd2 53.
Rd7 Ke6 54. Rd8 Ke7 55. Rd5 f6 56. Ke4 Re2+ 57. Kf4 Rd2 58. Ke3 Rg2 59. Kf4 Rd2 1/2-1/2

[Event "29th Czech Open A 2018"]
[Site "Pardubice CZE"]
[Date "2018.07.23"]
[Round "4.25"]
[White "Bernadskiy, Vitaliy"]
[Black "Obsivac, Josef"]
[Result "1-0"]
[WhiteTitle "GM"]
[BlackTitle "FM"]
[WhiteElo "2586"]
[BlackElo "2290"]
[WhiteFideId "14100371"]
[BlackFideId "303690"]
[EventDate "2018.07.20"]

1. e4 e6 2. d3 d5 3. Nd2 c5 4. g3 Bd6 5. Qg4 g6 6. Qe2 Nc6 7. Ngf3 Nge7 8. e5
Bb8 9. Nb3 h6 10. h4 b6 11. Bf4 a5 12. c3 Ba6 13. Nbd2 a4 14. a3 Bc7 15. Bg2 Qd7
16. Nh2 O-O-O 17. Ng4 Ng8 18. Nf3 Na5 19. O-O Rf8 20. Qe3 Qb5 21. c4 dxc4 22. d4
Ne7 23. dxc5 Nf5 24. Qc3 bxc5 25. Ne3 Qb3 26. Qc1 Nd4 27. Nxd4 cxd4 28. Nc2 Qb6
29. Bxh6 Rd8 30. Qf4 Rd7 31. Rad1 Nb3 32. Nb4 Bb7 33. Bg7 Rh5 34. Bf6 Bxg2 35.
Kxg2 Qb7+ 36. f3 Ba5 37. g4 Rh7 38. Nc2 Bb6 39. h5 gxh5 40. Rh1 h4 41. Qg5 h3+
42. Kg3 Kc7 43. Qg8 Rh6 44. Qf8 Rh7 45. Qg8 Rh6 46. g5 Rg6 47. Qe8 Qc8 48. Qxc8+
Kxc8 49. Rxh3 Rg8 50. Rh4 Kc7 51. Ne1 Kc6 52. Ng2 Kb5 53. Nf4 Nc5 54. Rh7 c3 55.
bxc3 dxc3 56. Ne2 Ba5 57. Rd6 Kc4 58. Rh4+ Kb3 59. Rc6 Rd5 60. Be7 Nd3 61. Rh2
c2 62. f4 Bd2 63. Rb6+ Kc4 64. Rc6+ Nc5 65. Nc1 Rb8 66. Bxc5 Rb3+ 67. Be3+ Kb5
68. Rb6+ Kc4 69. Nxb3 Bxe3 70. Rxc2+ Kd3 71. Rcc6 Bxb6 72. Rxb6 axb3 73. Rxb3+
Ke4 74. Rb7 1-0

[Event "29th Czech Open A 2018"]
[Site "Pardubice CZE"]
[Date "2018.07.23"]
[Round "4.26"]
[White "Boruchovsky, Avital"]
[Black "Reuker, Jari"]
[Result "1-0"]
[WhiteTitle "GM"]
[WhiteElo "2558"]
[BlackElo "2377"]
[WhiteFideId "2800055"]
[BlackFideId "12909300"]
[EventDate "2018.07.20"]

1. e4 e5 2. Nf3 Nc6 3. Bb5 a6 4. Ba4 Nf6 5. O-O Be7 6. Re1 b5 7. Bb3 d6 8. c3
O-O 9. h3 Na5 10. Bc2 c5 11. d4 Nd7 12. dxc5 dxc5 13. Nbd2 Re8 14. Qe2 Bb7 15.
Nf1 Nc4 16. b3 Nd6 17. Ng3 Qc7 18. Be3 Bf8 19. Rad1 a5 20. Rd2 c4 21. Nh4 b4 22.
bxc4 bxc3 23. Rd3 Nc5 24. Bxc5 Qxc5 25. Nhf5 Nxf5 26. Nxf5 g6 27. Ng3 Qa3 28.
Red1 Ba6 29. Qe3 Qxa2 30. Rxc3 Bxc4 31. Rc1 Be6 32. Nh5 Rec8 33. Nf6+ Kh8 34.
Nd5 Bxd5 35. exd5 Rxc3 36. Qxc3 Qxd5 37. Bb3 Qd4 38. Qc6 Ra7 39. Rd1 Qc5 40.
Qf6+ Kg8 41. g3 a4 42. Ba2 Qe7 43. Qc6 a3 44. Rd3 Rc7 45. Qd5 Rc5 46. Qb3 Rc1+
47. Kg2 Rc6 48. Re3 Rc7 49. h4 Ra7 50. Rf3 Kg7 51. Qb6 f5 52. h5 Rb7 53. Qc6 Rb2
54. Qd5 Kh6 55. hxg6 hxg6 56. Qg8 Qg7 57. Qc4 Qb7 58. Qg8 Bg7 59. Bd5 Qa7 60.
Qd8 Rb4 61. Rf4 g5 62. Rxb4 1-0

[Event "29th Czech Open A 2018"]
[Site "Pardubice CZE"]
[Date "2018.07.23"]
[Round "4.27"]
[White "Plat, Vojtech"]
[Black "Meissner, Felix"]
[Result "1/2-1/2"]
[WhiteTitle "GM"]
[BlackTitle "FM"]
[WhiteElo "2543"]
[BlackElo "2354"]
[WhiteFideId "325740"]
[BlackFideId "24671827"]
[EventDate "2018.07.20"]

1. e4 c5 2. Nf3 d6 3. c3 Nf6 4. Bc4 Nxe4 5. Qa4+ Nc6 6. Bxf7+ Kxf7 7. Qxe4 Qd7
8. O-O Qf5 9. Qe3 h6 10. d4 cxd4 11. Nxd4 Nxd4 12. Qxd4 Qf6 13. Qb4 a5 14. Qb3+
Qe6 15. c4 a4 16. Qb4 Qf5 17. Be3 e6 18. Nc3 Qa5 19. Qxa5 Rxa5 20. Rfd1 Be7 21.
Nb5 Ra6 22. Rac1 Rd8 23. Bd2 e5 24. f4 Bg4 25. Re1 exf4 26. Bxf4 Bf6 27. Rc2 Rc6
28. Rd2 Kg6 29. Nxd6 a3 30. h3 axb2 31. hxg4 Bc3 32. Re6+ Kh7 33. Rd1 Rxc4 34.
g3 Rd4 35. Rb1 Bb4 36. Rxb2 Bxd6 37. Bxd6 R8xd6 38. Rxd6 Rxd6 39. Rxb7 Rd1+ 40.
Kg2 1/2-1/2

[Event "29th Czech Open A 2018"]
[Site "Pardubice CZE"]
[Date "2018.07.23"]
[Round "4.28"]
[White "Skliarov, Viktor"]
[Black "Mozharov, Mikhail"]
[Result "0-1"]
[WhiteTitle "IM"]
[BlackTitle "GM"]
[WhiteElo "2357"]
[BlackElo "2542"]
[WhiteFideId "14106736"]
[BlackFideId "4189825"]
[EventDate "2018.07.20"]

1. e4 c6 2. d4 d5 3. e5 Bf5 4. Nf3 e6 5. Be2 Nd7 6. O-O h6 7. Nbd2 Ne7 8. Nb3 g5
9. Ne1 Qc7 10. f4 O-O-O 11. Nd3 Ng6 12. c3 Be7 13. Bg4 Bxd3 14. Qxd3 Nxf4 15.
Bxf4 gxf4 16. Rxf4 f5 17. Bh5 c5 18. Qf1 Qb6 19. dxc5 Bxc5+ 20. Nxc5 Nxc5 21.
Kh1 Ne4 22. Be2 Qxb2 23. Bd3 Rhg8 24. Rb1 Qxa2 25. Ra1 Qd2 26. Bxe4 dxe4 27.
Rxa7 Kb8 28. Ra1 Rxg2 29. Qxg2 Qxf4 30. Rb1 Qxe5 0-1

[Event "29th Czech Open A 2018"]
[Site "Pardubice CZE"]
[Date "2018.07.23"]
[Round "4.29"]
[White "Debashis, Das"]
[Black "Vyskocil, Neklan"]
[Result "1-0"]
[WhiteTitle "GM"]
[BlackTitle "IM"]
[WhiteElo "2529"]
[BlackElo "2327"]
[WhiteFideId "5024854"]
[BlackFideId "307106"]
[EventDate "2018.07.20"]

1. d4 Nf6 2. c4 c5 3. d5 b5 4. cxb5 a6 5. bxa6 g6 6. Nc3 Bxa6 7. Nf3 Bg7 8. e4
Bxf1 9. Kxf1 d6 10. g3 O-O 11. Kg2 Nbd7 12. a4 Ra6 13. Qc2 Qa8 14. Nb5 Qb7 15.
Ra3 e6 16. dxe6 fxe6 17. Re1 Kh8 18. Bf4 d5 19. exd5 exd5 20. Ng5 Ne4 21. Nxe4
dxe4 22. Qxe4 Qxe4+ 23. Rxe4 Bxb2 24. Ra2 Bf6 25. Rd2 Nb8 26. Rd6 Bg7 27. Rd5
Rc6 28. Bd6 Rd8 29. Bxc5 Rxd5 30. Re8+ Bf8 31. Bxf8 h5 32. Rxb8 Kg8 33. Bh6+ 1-0

[Event "29th Czech Open A 2018"]
[Site "Pardubice CZE"]
[Date "2018.07.23"]
[Round "4.30"]
[White "Noe, Christopher"]
[Black "Kulkarni, Chinmay"]
[Result "1-0"]
[WhiteTitle "IM"]
[WhiteElo "2520"]
[BlackElo "2336"]
[WhiteFideId "24692018"]
[BlackFideId "5023513"]
[EventDate "2018.07.20"]

1. d4 d5 2. c4 c6 3. Nf3 Nf6 4. e3 g6 5. Nc3 Bg7 6. Bd3 O-O 7. O-O b6 8. b3 Bb7
9. Bb2 Nbd7 10. Qe2 e6 11. Rac1 Re8 12. cxd5 exd5 13. Ba6 Qc8 14. Bxb7 Qxb7 15.
Ba3 h6 16. Rc2 Re6 17. Rfc1 b5 18. Bb2 Rae8 19. Ne1 h5 20. h3 Bh6 21. Qf1 a5 22.
Nd3 h4 23. Qd1 Nh5 24. Nxd5 cxd5 25. Rc7 Qb8 26. Rxd7 Rxe3 27. Ne5 Re4 28. Rcc7
f6 29. Bc1 Bf8 30. f3 R4xe5 31. dxe5 Rxe5 32. f4 Rf5 33. Qg4 Qe8 34. Qxh4 Bc5+
35. Kh2 Bf8 36. Qg4 Ng7 37. Qh4 Nh5 38. Bd2 b4 39. Bc1 Bh6 40. Re7 1-0

[Event "29th Czech Open A 2018"]
[Site "Pardubice CZE"]
[Date "2018.07.23"]
[Round "4.31"]
[White "Jarmula, Lukasz"]
[Black "Vusatiuk, Vladimir"]
[Result "1-0"]
[WhiteTitle "IM"]
[BlackTitle "IM"]
[WhiteElo "2512"]
[BlackElo "2321"]
[WhiteFideId "1160664"]
[BlackFideId "14118610"]
[EventDate "2018.07.20"]

1. e4 e6 2. d4 d5 3. Nd2 c5 4. exd5 Qxd5 5. Ngf3 cxd4 6. Bc4 Qd6 7. O-O Nf6 8.
Nb3 Nc6 9. Nbxd4 Nxd4 10. Nxd4 a6 11. Re1 Qc7 12. Bf1 Be7 13. Qf3 O-O 14. Bf4
Bd6 15. Bxd6 Qxd6 16. Rad1 Qc5 17. a3 e5 18. b4 Qb6 19. Nf5 e4 20. Ne7+ Kh8 21.
Qf4 Qe6 22. Nxc8 Rfxc8 23. Rd6 Qe7 24. c4 a5 25. c5 axb4 26. axb4 Ra2 27. g4 h6
28. g5 Nh5 29. Rxe4 Nxf4 30. Rxe7 hxg5 31. Rxb7 Ra1 32. c6 Rca8 33. Rbd7 R8a3
34. Rd1 Rxd1 35. Rxd1 Rc3 36. b5 Ne6 37. Rb1 Nd4 38. Bg2 1-0

[Event "29th Czech Open A 2018"]
[Site "Pardubice CZE"]
[Date "2018.07.23"]
[Round "4.32"]
[White "Michenka, Jozef"]
[Black "Gallego Alcaraz, Andres Felipe"]
[Result "0-1"]
[WhiteTitle "IM"]
[BlackTitle "IM"]
[WhiteElo "2329"]
[BlackElo "2504"]
[WhiteFideId "301175"]
[BlackFideId "4402669"]
[EventDate "2018.07.20"]

1. d4 Nf6 2. c4 c5 3. d5 b5 4. cxb5 a6 5. bxa6 g6 6. Nc3 Bg7 7. e4 O-O 8. Nf3
Qa5 9. a7 Nxe4 10. Bd2 Nxd2 11. Qxd2 Rxa7 12. Be2 d6 13. O-O Bg4 14. h3 Bxf3 15.
Bxf3 Nd7 16. a4 Rb8 17. Ra2 Rb4 18. Bd1 Nb6 19. Qc2 Bxc3 20. bxc3 Rc4 21. Qb1
Rxc3 22. Rb2 Nxd5 23. Rb8+ Kg7 24. Qb2 e5 25. f4 Re3 26. Rc8 Qb4 27. Qa2 Nxf4
28. Bf3 Qxa4 0-1

[Event "29th Czech Open A 2018"]
[Site "Pardubice CZE"]
[Date "2018.07.23"]
[Round "4.34"]
[White "Caspi, Israel"]
[Black "Cerveny, Petr"]
[Result "1-0"]
[WhiteTitle "IM"]
[BlackTitle "FM"]
[WhiteElo "2484"]
[BlackElo "2319"]
[WhiteFideId "2807394"]
[BlackFideId "322016"]
[EventDate "2018.07.20"]

1. e4 e6 2. d4 d5 3. Nd2 c5 4. Ngf3 cxd4 5. Nxd4 Nc6 6. Bb5 Bd7 7. Nxc6 bxc6 8.
Bd3 Bd6 9. Qe2 Ne7 10. e5 Bc7 11. O-O O-O 12. b3 Ng6 13. f4 f6 14. Bb2 Qe8 15.
exf6 gxf6 16. Rae1 f5 17. g3 a5 18. Nf3 Qe7 19. Ng5 e5 20. Qh5 e4 21. Qh6 Ra7
22. h4 Rb7 23. h5 Nh8 24. Nxe4 fxe4 25. Rxe4 Qf7 26. Qg5+ Ng6 27. hxg6 Qxg6 28.
Re7 1-0

[Event "29th Czech Open A 2018"]
[Site "Pardubice CZE"]
[Date "2018.07.23"]
[Round "4.35"]
[White "Risting, Eivind Olav"]
[Black "Gutman, Gennadi"]
[Result "1/2-1/2"]
[WhiteTitle "FM"]
[BlackTitle "GM"]
[WhiteElo "2317"]
[BlackElo "2476"]
[WhiteFideId "1517333"]
[BlackFideId "14102277"]
[EventDate "2018.07.20"]

1. d4 Nf6 2. c4 e6 3. Nc3 Bb4 4. Qc2 O-O 5. Nf3 c5 6. dxc5 Na6 7. g3 Nxc5 8. Bg2
Nce4 9. O-O Nxc3 10. bxc3 Be7 11. e4 d6 12. e5 dxe5 13. Nxe5 Qc7 14. Qe2 Bd6 15.
Re1 Nd7 16. Bf4 Bxe5 17. Bxe5 Nxe5 18. Qxe5 Qxc4 1/2-1/2

[Event "29th Czech Open A 2018"]
[Site "Pardubice CZE"]
[Date "2018.07.23"]
[Round "4.36"]
[White "Gasanov, Eldar"]
[Black "Westerinen, Heikki M.J."]
[Result "1-0"]
[WhiteTitle "GM"]
[BlackTitle "GM"]
[WhiteElo "2475"]
[BlackElo "2310"]
[WhiteFideId "14104466"]
[BlackFideId "500020"]
[EventDate "2018.07.20"]

1. d4 d5 2. Nf3 a6 3. Bg5 Nf6 4. e3 e6 5. c4 Be7 6. Nc3 O-O 7. Qc2 h6 8. h4 Nbd7
9. O-O-O c6 10. Kb1 Re8 11. Bf4 dxc4 12. Bxc4 Nd5 13. Bxd5 exd5 14. Nxd5 Rf8 15.
Nxe7+ Qxe7 16. g4 Nf6 17. Ne5 Nxg4 18. Rdg1 Nxe5 19. Bxe5 f6 20. Bf4 Kh8 21. Rg6
Rf7 22. e4 Be6 23. Rhg1 Rd8 24. Be3 Qb4 25. b3 Re8 26. Kb2 a5 27. a3 Qb5 28. e5
f5 29. Bxh6 a4 30. Bxg7+ Kg8 31. Bf6+ Kh7 32. Rg7+ 1-0

[Event "29th Czech Open A 2018"]
[Site "Pardubice CZE"]
[Date "2018.07.23"]
[Round "4.37"]
[White "Malinovsky, Karel"]
[Black "Nun, Jiri"]
[Result "1/2-1/2"]
[WhiteTitle "IM"]
[BlackTitle "IM"]
[WhiteElo "2472"]
[BlackElo "2306"]
[WhiteFideId "313874"]
[BlackFideId "300179"]
[EventDate "2018.07.20"]

1. e4 c5 2. Nf3 Nc6 3. d4 cxd4 4. Nxd4 Nf6 5. Nc3 e5 6. Ndb5 d6 7. Bg5 a6 8. Na3
b5 9. Nd5 Be7 10. Bxf6 Bxf6 11. c4 b4 12. Nc2 a5 13. g3 O-O 14. h4 Be6 15. Bg2
Bxd5 16. cxd5 Nb8 17. O-O Nd7 18. Ne3 Nc5 19. Qf3 g6 20. Bh3 Bg7 21. Nc4 Ra7 22.
h5 Kh8 23. Kg2 Bh6 24. Rh1 f5 25. hxg6 fxe4 26. Qe2 hxg6 27. Bf5 Rxf5 28. Rxh6+
Rh7 29. Rxh7+ Kxh7 30. Rh1+ Kg7 31. Qe3 g5 32. Nd2 Qf6 33. Qe2 Qf7 34. Nc4 Rf6
35. Qe3 Nd3 36. Qxg5+ Rg6 37. Qe3 Nf4+ 38. Kg1 Qxd5 39. Qa7+ Kf6 40. Ne3 Qc5 41.
Rh7 Qxa7 42. Rxa7 Nd3 43. b3 Ke6 44. Rxa5 Rf6 45. Nd1 Rf8 46. a3 Rc8 47. Ne3
Rc1+ 48. Kg2 Rb1 49. axb4 Rb2 50. b5 Rxf2+ 51. Kh3 Rb2 52. Ra3 Nc5 53. b6 Kd7
54. Nc4 Rxb3 55. Rxb3 Nxb3 56. b7 Kc7 57. Nxd6 e3 58. Kg2 Nd4 59. g4 Nc6 60. Nf5
Kxb7 61. g5 Nd8 62. g6 Ne6 63. Kf3 e2 64. Kxe2 1/2-1/2